00359nam a2200121Ia 4500008004100000020001400041050002100055245007500076260003400151300001200185500002000197500002000217151021s9999 xx 000 0 und d a393326896 aTD367 .V55 2005  a_Vital Signs 2005 The Trends that are Shaping Our Future / Molly Aeck  aNew York : W.W.Norton , 2005  a102 p.  aIncludes index  aIncludes index